| 000 | 00888nam a2200289 a 4500 | ||
|---|---|---|---|
| 001 | 25810 | ||
| 003 | CO-ViMGA | ||
| 008 | 141112s2004 ck r 000 u spa d | ||
| 020 | _a9789585761339 | ||
| 040 |
_aCO-ViMGA _bspa _cCO-ViMGA |
||
| 041 | _aSPA | ||
| 090 | _aN WOO1 | ||
| 100 | 1 |
_aWoolf, Virginia, 1882 - 1941 _940008 |
|
| 245 | 1 | 0 |
_aAl faro / _cVirginia Woolf ; ilustración Patricia González |
| 250 | _a1a ed. | ||
| 260 |
_aQuito : _bVelásquez & Velásquez, _c2011 |
||
| 300 | _a270 p. : il. byn. | ||
| 490 | _aJuvenalia : Literatura universal | ||
| 500 | _aIncluye índice | ||
| 650 | 1 | 4 |
_aAUTORES INGLESES _940009 |
| 650 | 1 | 4 |
_aEMOCIONES - NOVELA _940010 |
| 650 | 1 | 4 |
_aLITERATURA INGLESA - SIGLO XX _940011 |
| 650 | 1 | 4 |
_aNOVELA INGLESA - SIGLO XX _92200 |
| 650 | 1 | 4 |
_aRELACIONES HUMANAS - NOVELA _940012 |
| 700 | 1 |
_aGonzález, Patricia _940013 |
|
| 942 |
_2ddc _cBK |
||
| 999 |
_c5376 _d5376 |
||